[Event "chess.com IoM Masters"]
[Site "Douglas ENG"]
[Date "2017.09.24"]
[Round "2.62"]
[White "Swayams, Mishra"]
[Black "Pranav, Anand"]
[Result "1/2-1/2"]
[WhiteTitle "IM"]
[WhiteElo "2444"]
[BlackElo "2105"]
[WhiteFideId "5028183"]
[BlackFideId "46626786"]
[EventDate "2017.09.23"]

1. e4 e5 2. Nf3 Nc6 3. Bc4 Bc5 4. O-O Nf6 5. d4 Bxd4 6. Nxd4 Nxd4 7. f4 d6 8.
fxe5 dxe5 9. Bg5 Qe7 10. Na3 Bd7 11. c3 Ne6 12. Bxf6 gxf6 13. Qf3 Nf4 14. Kh1 h5
15. Nc2 h4 16. Ne3 c6 17. b4 O-O-O 18. a4 Be6 19. Rad1 Kb8 20. a5 Rhg8 21. Rxd8+
Qxd8 22. Rd1 Qe7 23. Bf1 Rd8 24. Rxd8+ Qxd8 25. Qf2 h3 26. g3 Ng6 27. Kg1 Nf8
28. Qe2 Nh7 29. Qd3 Qc7 30. Be2 Ng5 31. Kf2 Qd7 32. g4 Qe7 33. Kg3 Kc7 34. Bf1
Qd6 35. Qxd6+ Kxd6 36. Bd3 Bb3 37. Nf5+ Kd7 38. Ne3 b6 39. axb6 axb6 40. Bb1 b5
41. Bd3 Kc7 1/2-1/2

[Event "chess.com IoM Masters"]
[Site "Douglas ENG"]
[Date "2017.09.24"]
[Round "2.63"]
[White "Oyama, Akito"]
[Black "Shvayger, Yuliya"]
[Result "1/2-1/2"]
[BlackTitle "WGM"]
[WhiteElo "2198"]
[BlackElo "2442"]
[WhiteFideId "7001630"]
[BlackFideId "14100126"]
[EventDate "2017.09.23"]

1. e4 c5 2. Nc3 Nc6 3. Bb5 Nd4 4. Bc4 e6 5. Nge2 Ne7 6. Nxd4 cxd4 7. Ne2 Nc6 8.
O-O Bc5 9. d3 O-O 10. a3 d5 11. exd5 exd5 12. Ba2 Bg4 13. h3 Be6 14. Nf4 Qd6 15.
Qf3 Rad8 16. Re1 Bb6 17. Nh5 Ne5 18. Qg3 Ng6 19. Bf4 Qc6 20. Re2 Rd7 21. Rae1
Bc7 22. Bxc7 Qxc7 23. f4 Qb6 24. Bb3 Rd6 25. Qf2 Ne7 26. Ng3 f5 27. Nf1 Rf6 28.
Nd2 Qc5 29. Nf3 Nc6 30. Ng5 Nd8 31. Qf3 Bd7 32. Re5 Bc6 33. Qf2 h6 34. Nf3 Ne6
35. g3 a5 36. R1e2 a4 37. Ba2 Bd7 38. Qe1 b6 39. Qb4 Bc6 40. Kf2 Kf8 41. h4 Qxb4
42. axb4 h5 43. Ng5 Ke7 44. Nxe6 Rdxe6 45. Bxd5 Bxd5 46. Rxd5 Rxe2+ 47. Kxe2 Rc6
48. Kd2 Rg6 49. Rxd4 Rxg3 50. c4 Rg2+ 51. Kc1 Rg1+ 52. Kc2 Rg2+ 53. Kb1 Rg1+ 54.
Kc2 Rg2+ 55. Kb1 Rg1+ 56. Kc2 1/2-1/2

[Event "chess.com IoM Masters"]
[Site "Douglas ENG"]
[Date "2017.09.24"]
[Round "2.64"]
[White "Birkisson, Bardur Orn"]
[Black "Trent, Lawrence"]
[Result "0-1"]
[BlackTitle "IM"]
[WhiteElo "2164"]
[BlackElo "2427"]
[WhiteFideId "2310597"]
[BlackFideId "408638"]
[EventDate "2017.09.23"]

1. Nf3 Nf6 2. g3 g6 3. b4 Bg7 4. Bb2 Na6 5. a3 c5 6. b5 Nc7 7. a4 O-O 8. Bg2 d5
9. O-O Bf5 10. d3 Qc8 11. Re1 Rd8 12. Qc1 Bh3 13. Bh1 Qf5 14. Qf4 Qc8 15. e4 Nh5
16. Qc1 d4 17. Na3 Ne6 18. Nc4 Nf6 19. Qb1 Ng4 20. Bc1 h6 21. Bd2 Kh7 22. Qb3 f6
23. Bg2 Bxg2 24. Kxg2 Ne5 25. Nfxe5 fxe5 26. f3 g5 27. Rf1 Bf6 28. Na5 Rb8 29.
Nc4 Rg8 30. h3 h5 31. g4 Rg7 32. a5 Qd7 33. Rab1 Rbg8 34. Rh1 Nf8 35. Be1 Ng6
36. Bg3 Rf8 37. Rbf1 Rgf7 38. Rf2 Bg7 39. Qb1 Nh4+ 40. Bxh4 gxh4 41. Rhf1 Rf4
42. b6 a6 43. Qa1 Qe6 44. Qe1 Bh6 45. Qe2 R4f7 46. Rb1 hxg4 47. hxg4 Rxf3 48.
Qxf3 Rxf3 49. Kxf3 Bf4 50. Rg1 Kg6 51. Kg2 Be3 52. Rf5 Bxg1 53. Kxg1 Kg7 54.
Rg5+ Kf8 55. Kg2 Qh6 56. Rf5+ Kg8 57. Kh3 Qc1 58. Kxh4 Qxc2 59. Rf3 Qh2+ 60. Kg5
Qh8 61. Nxe5 Qxe5+ 62. Rf5 Qd6 63. Rd5 Qf6+ 64. Kh5 Kh7 65. g5 Qf3+ 0-1

[Event "chess.com IoM Masters"]
[Site "Douglas ENG"]
[Date "2017.09.24"]
[Round "2.65"]
[White "Bianco, Valerio"]
[Black "Rakesh, Kumar Jena"]
[Result "1/2-1/2"]
[BlackTitle "FM"]
[WhiteElo "2086"]
[BlackElo "2418"]
[WhiteFideId "800600"]
[BlackFideId "5084822"]
[EventDate "2017.09.23"]

1. e4 c5 2. Nf3 d6 3. Bb5+ Bd7 4. Bxd7+ Qxd7 5. c4 Nf6 6. Nc3 g6 7. d4 cxd4 8.
Nxd4 Bg7 9. f3 O-O 10. O-O Nc6 11. Nde2 a6 12. Bg5 Rad8 13. Qd2 Qe6 14. b3 Qe5
15. Rac1 Qa5 16. Rfd1 Nd7 17. Nd5 Qxd2 18. Rxd2 f6 19. Be3 Rc8 20. Nd4 Kf7 21.
Rdd1 Nxd4 22. Bxd4 e6 23. Nb6 Nxb6 24. Bxb6 Rc6 25. Be3 Rfc8 26. a4 Ke8 27. a5
Bf8 28. Kf1 Be7 29. Bb6 Bd8 30. Bxd8 Rxd8 31. Ke2 Ke7 32. Rc3 Rc5 33. b4 Rc6 34.
Rdc1 f5 35. Ke3 Rf8 36. f4 fxe4 37. Kxe4 Rf5 38. g3 g5 39. fxg5 Rxg5 40. Kf4
Rf5+ 41. Ke3 Rc8 42. g4 Re5+ 43. Kf3 Rf8+ 44. Kg3 Re4 45. Rf3 Rxf3+ 46. Kxf3 Rd4
47. b5 Rd3+ 48. Ke4 Ra3 49. bxa6 bxa6 50. Rb1 Ra4 51. Kd3 h5 52. gxh5 Rxa5 53.
Rb7+ Kf6 54. Rb6 Ke5 55. h4 Ra2 56. Kc3 Ra3+ 57. Kb4 Rh3 58. Rxa6 Rxh4 59. Kc3
Rxh5 60. Ra5+ d5 61. cxd5 exd5 62. Kd2 Ke4 63. Ra4+ d4 64. Ra3 1/2-1/2

[Event "chess.com IoM Masters"]
[Site "Douglas ENG"]
[Date "2017.09.24"]
[Round "2.66"]
[White "Arkell, Keith C"]
[Black "Kavinda, Akila"]
[Result "1/2-1/2"]
[WhiteTitle "GM"]
[WhiteElo "2415"]
[BlackElo "2099"]
[WhiteFideId "400270"]
[BlackFideId "9901302"]
[EventDate "2017.09.23"]

1. d4 Nf6 2. Nf3 g6 3. c4 Bg7 4. Nc3 O-O 5. g3 d6 6. Bg2 Nc6 7. O-O Bf5 8. d5
Na5 9. Nd4 Bd7 10. Qd3 c5 11. dxc6 Nxc6 12. Nxc6 bxc6 13. Bd2 Ng4 14. b3 Rc8 15.
Rad1 Ne5 16. Qb1 c5 17. Qc1 Re8 18. Bh6 Bh8 19. h3 Nc6 20. Bd2 Qa5 21. Na4 Qc7
22. e3 Nb4 23. Bxb4 cxb4 24. Nb2 Qa5 25. Qb1 Bc6 26. Bxc6 Rxc6 27. Nd3 Bc3 28.
Nf4 e6 29. Rc1 Ra6 30. Rc2 Qf5 31. Re2 Qxb1 32. Rxb1 Rc8 33. Rc2 Ra3 34. Ne2 Bf6
35. Rd2 Rc6 36. Rbd1 Raa6 37. g4 Kf8 38. Ng3 Bc3 39. Rc2 f5 40. a4 Ra5 41. Ne2
fxg4 42. hxg4 Rg5 43. f3 Bf6 44. Rcd2 d5 45. cxd5 Rxd5 46. Rxd5 exd5 47. Rxd5
Rc2 48. Kf1 Rb2 49. g5 Bc3 50. Rd8+ Ke7 51. Ra8 Rxb3 52. Rxa7+ Kd6 53. Rxh7 Rb1+
54. Kg2 Rb2 55. Kf2 b3 56. Rb7 Kc5 57. f4 Bb4 58. Rc7+ Kd6 59. Rc1 Bd2 60. Rd1
Ke7 61. Kf3 Ra2 62. Rb1 b2 63. Ke4 Ra3 64. Rxb2 Rxe3+ 65. Kd4 Rxe2 66. Kd3 Rf2
67. Rxd2 Rxf4 68. Ra2 Rf5 69. a5 Rxg5 70. Kc4 Rh5 71. a6 Rh8 72. a7 Ra8 73. Kc5
Kf6 74. Kb6 Ke5 75. Kb7 Rxa7+ 76. Rxa7 g5 77. Kc6 g4 78. Rg7 Kf4 79. Kd5 g3 80.
Kd4 Kf3 81. Rf7+ Ke2 1/2-1/2

[Event "chess.com IoM Masters"]
[Site "Douglas ENG"]
[Date "2017.09.25"]
[Round "3.4"]
[White "Eljanov, Pavel"]
[Black "Bindrich, Falko"]
[Result "1-0"]
[WhiteTitle "GM"]
[BlackTitle "GM"]
[WhiteElo "2734"]
[BlackElo "2598"]
[WhiteFideId "14102951"]
[BlackFideId "4676670"]
[EventDate "2017.09.23"]

1. e4 e5 2. Nf3 Nc6 3. Bc4 Bc5 4. O-O Nf6 5. d3 d6 6. c3 O-O 7. Re1 h6 8. Nbd2
a6 9. Nf1 Ba7 10. Bb3 Be6 11. Bxe6 fxe6 12. Be3 Bxe3 13. Rxe3 Qd7 14. Ng3 Rad8
15. h3 Kh8 16. Qb3 Na5 17. Qc2 Qf7 18. b4 Nc6 19. a4 Nh5 20. b5 axb5 21. axb5
Ne7 22. Nxh5 Qxh5 23. Ra7 Rb8 24. Qa2 Qf7 25. d4 Ng6 26. dxe5 dxe5 27. g3 Qd7
28. h4 Qxb5 29. h5 Ne7 30. Ra5 Qe8 31. Nxe5 Qxh5 32. Qxe6 Qd1+ 33. Kg2 Rbe8 34.
Qa2 Kh7 35. Rd3 Qe1 36. Re3 Qd1 37. Rd3 Qe1 38. Ra4 b5 39. Rad4 c5 40. Re3 Qc1
41. Rd7 Nc8 42. Ng4 Re7 43. Rxe7 Nxe7 44. Qa7 Ng6 45. Qxc5 Qd1 46. Nh2 Qb3 47.
Nf3 Qe6 48. Qh5 Qe8 49. Qd5 Qc8 50. e5 Qg4 51. Qe4 Rf4 52. Qd3 Rf5 53. Kf1 Qh3+
54. Ke2 Qh5 55. e6 Rd5 56. Qe4 Rd8 57. g4 Qc5 58. Nh4 Qc4+ 59. Qxc4 bxc4 60. Nf5
Re8 61. e7 Nf4+ 62. Kf3 Nd5 63. Re5 g6 64. Nd6 1-0

[Event "chess.com IoM Masters"]
[Site "Douglas ENG"]
[Date "2017.09.25"]
[Round "3.5"]
[White "Lenderman, Aleksandr"]
[Black "Vallejo Pons, Francisco"]
[Result "1-0"]
[WhiteTitle "GM"]
[BlackTitle "GM"]
[WhiteElo "2565"]
[BlackElo "2716"]
[WhiteFideId "2021285"]
[BlackFideId "2205530"]
[EventDate "2017.09.23"]

1. d4 Nf6 2. c4 e6 3. g3 d5 4. Bg2 Bb4+ 5. Nd2 O-O 6. Nf3 b6 7. O-O Bb7 8. b3
Qe7 9. Bb2 a5 10. a3 Bd6 11. Qc2 Na6 12. Nh4 c5 13. cxd5 Nxd5 14. Ne4 Rac8 15.
Nxd6 Qxd6 16. Qd3 Rfd8 17. Rac1 Qe7 18. Rfd1 h6 19. Nf3 Nf6 20. Ne5 cxd4 21.
Rxc8 Rxc8 22. Bxd4 Rd8 23. Qb5 Bxg2 24. Kxg2 Qb7+ 25. Qc6 Qxc6+ 26. Nxc6 Rd6 27.
Rc1 Nd7 28. Be3 Kh7 29. b4 axb4 30. axb4 f6 31. Bf4 e5 32. Be3 b5 33. f4 exf4
34. gxf4 f5 35. Kf3 g5 36. h3 Kg6 37. Bd4 Kf7 38. e3 Nf6 39. Be5 Rd2 40. Nd4
Nxb4 41. Nxf5 gxf4 42. Nxh6+ Kg6 43. Bxf6 fxe3 44. Bc3 Rf2+ 45. Kxe3 Rh2 46.
Bxb4 Rxh3+ 47. Kf4 Kxh6 48. Rc6+ Kg7 49. Bd6 Kf7 50. Be5 b4 51. Kf5 Rh5+ 52. Ke4
Rh1 53. Kd5 Rd1+ 54. Bd4 b3 55. Rf6+ Ke7 56. Rb6 b2 57. Rxb2 Kf7 58. Rg2 Ke7 59.
Rg7+ Kf8 60. Ra7 Ke8 61. Rh7 Kf8 62. Ke5 Kg8 63. Rd7 Rc1 64. Kf5 Kf8 65. Be5
Rf1+ 66. Ke6 Kg8 67. Rg7+ Kf8 68. Rh7 Ke8 69. Rc7 Kd8 70. Rc2 Re1 71. Rg2 Kc8
72. Rb2 1-0

[Event "chess.com IoM Masters"]
[Site "Douglas ENG"]
[Date "2017.09.25"]
[Round "3.7"]
[White "Kasimdzhanov, Rustam"]
[Black "Sunilduth Lyna, Narayanan"]
[Result "1-0"]
[WhiteTitle "GM"]
[BlackTitle "GM"]
[WhiteElo "2676"]
[BlackElo "2568"]
[WhiteFideId "14200244"]
[BlackFideId "5058422"]
[EventDate "2017.09.23"]

1. e4 e5 2. Nf3 Nc6 3. Bb5 a6 4. Ba4 d6 5. c3 Bd7 6. d4 g6 7. O-O Bg7 8. Re1 h6
9. a3 Nf6 10. Nbd2 O-O 11. h3 b5 12. Bc2 Re8 13. Nf1 Na5 14. Ng3 c5 15. d5 c4
16. Be3 Qc7 17. Qd2 Kh7 18. Rf1 Rab8 19. Rae1 Nb3 20. Bxb3 cxb3 21. Qc1 a5 22.
Nd2 Bc8 23. f4 Nd7 24. f5 Ba6 25. Rf3 Nf6 26. fxg6+ fxg6 27. Nxb3 Rf8 28. Nd2
Nd7 29. Rxf8 Rxf8 30. Nf3 Qc4 31. Nd2 Qc8 32. b4 Qc7 33. Nb3 a4 34. Nd2 Nb6 35.
Qc2 Nc4 36. Nxc4 Qxc4 37. Nf1 Rc8 38. Bd2 Qd4+ 39. Ne3 Qa7 40. Kh1 h5 41. Qd3
Rf8 42. Nf1 Qc7 43. Bg5 Rc8 44. Re3 Qc4 45. Qxc4 bxc4 46. Be7 Bf8 47. Rf3 Kg7
48. Bxf8+ Rxf8 49. Rxf8 Kxf8 50. Kh2 Ke7 51. Kg3 Kf6 52. Kh4 Bb5 53. Ne3 Ba6 54.
g4 hxg4 55. Nxg4+ Kg7 56. Kg5 Bb5 57. h4 Kf7 58. Nh6+ 1-0

[Event "chess.com IoM Masters"]
[Site "Douglas ENG"]
[Date "2017.09.25"]
[Round "3.8"]
[White "Deac, Bogdan-Daniel"]
[Black "Fressinet, Laurent"]
[Result "1/2-1/2"]
[WhiteTitle "GM"]
[BlackTitle "GM"]
[WhiteElo "2559"]
[BlackElo "2657"]
[WhiteFideId "1226380"]
[BlackFideId "608742"]
[EventDate "2017.09.23"]

1. e4 e5 2. Nf3 Nc6 3. Bb5 a6 4. Ba4 Nf6 5. O-O Be7 6. d3 b5 7. Bb3 d6 8. a3 O-O
9. Nc3 Na5 10. Ba2 Be6 11. b4 Bxa2 12. Rxa2 Nc6 13. Bg5 Ng4 14. Bd2 Nf6 15. Re1
Qd7 16. Qb1 d5 17. exd5 Nxd5 18. Nxe5 Nxe5 19. Rxe5 Nxc3 20. Bxc3 Bf6 21. Rc5
Be7 22. Re5 Bf6 23. Rc5 Be7 24. Re5 1/2-1/2

[Event "chess.com IoM Masters"]
[Site "Douglas ENG"]
[Date "2017.09.25"]
[Round "3.9"]
[White "Granda Zuniga, Julio E"]
[Black "Swapnil, S. Dhopade"]
[Result "1/2-1/2"]
[WhiteTitle "GM"]
[BlackTitle "GM"]
[WhiteElo "2653"]
[BlackElo "2532"]
[WhiteFideId "3800024"]
[BlackFideId "5019184"]
[EventDate "2017.09.23"]

1. e4 c6 2. d4 d5 3. exd5 cxd5 4. Bd3 Nc6 5. c3 Nf6 6. Bf4 Bg4 7. Qb3 Qd7 8. Nd2
e6 9. Ngf3 Bd6 10. Ne5 Qc7 11. Nxg4 Bxf4 12. Nxf6+ gxf6 13. Qc2 h5 14. O-O-O h4
15. Kb1 Bxh2 16. Nf3 Bd6 17. Nxh4 O-O-O 18. Nf3 Kb8 19. g3 f5 20. Qc1 Rdg8 21.
Rdg1 a6 22. Rg2 Ka7 23. a3 Na5 24. Rxh8 Rxh8 25. Rh2 Rxh2 26. Nxh2 Qb6 27. b4
Nc4 28. Nf3 Qc7 29. Nd2 Nb6 30. Qc2 Qc6 31. Ka2 Na4 32. c4 dxc4 33. Nxc4 Bc7 34.
Ne3 Qd7 35. Bc4 Nb6 1/2-1/2

[Event "chess.com IoM Masters"]
[Site "Douglas ENG"]
[Date "2017.09.25"]
[Round "3.10"]
[White "Harika, Dronavalli"]
[Black "Grandelius, Nils"]
[Result "1/2-1/2"]
[WhiteTitle "GM"]
[BlackTitle "GM"]
[WhiteElo "2528"]
[BlackElo "2653"]
[WhiteFideId "5015197"]
[BlackFideId "1710400"]
[EventDate "2017.09.23"]

1. e4 c5 2. Nf3 d6 3. d4 cxd4 4. Nxd4 Nf6 5. Nc3 g6 6. Be3 a6 7. h3 b5 8. g4 Bb7
9. Bg2 Nbd7 10. g5 Nh5 11. a4 e5 12. Nde2 bxa4 13. Nd5 Be7 14. h4 O-O 15. Nec3
Nc5 16. Bf3 Bxd5 17. Nxd5 Nf4 18. Nxf4 exf4 19. Bxc5 dxc5 20. Qxd8 Rfxd8 21.
Rxa4 Rab8 22. b3 Rb4 23. Rxb4 cxb4 24. Be2 a5 25. Bd3 f3 26. O-O Bd6 27. Re1 Bc5
28. Ra1 Bb6 29. Rf1 Bc7 30. Re1 Bb6 31. Rf1 h5 32. gxh6 Bc7 33. Re1 Bb6 34. Rf1
Bc7 35. Re1 Bf4 36. e5 Re8 37. e6 Rxe6 38. Rxe6 fxe6 39. Bxg6 Bxh6 40. Be4 Bf8
41. Bxf3 Be7 42. h5 Kg7 43. Kf1 Kh6 44. Bg4 e5 45. f3 1/2-1/2

[Event "chess.com IoM Masters"]
[Site "Douglas ENG"]
[Date "2017.09.25"]
[Round "3.14"]
[White "Almasi, Zoltan"]
[Black "Lampert, Jonas"]
[Result "1/2-1/2"]
[WhiteTitle "GM"]
[BlackTitle "IM"]
[WhiteElo "2707"]
[BlackElo "2514"]
[WhiteFideId "702293"]
[BlackFideId "1303759"]
[EventDate "2017.09.23"]

1. Nf3 d5 2. b3 Nf6 3. Bb2 e6 4. g3 Be7 5. Bg2 b6 6. c4 O-O 7. O-O c5 8. d4 Bb7
9. dxc5 Bxc5 10. cxd5 Nxd5 11. Nbd2 Qe7 12. a3 a5 13. Qb1 b5 14. Ne4 Bb6 15.
Neg5 f5 16. e4 Ne3 17. fxe3 Bxe3+ 18. Kh1 Bxg5 19. Nxg5 Qxg5 20. Qd3 Rd8 21.
Qxb5 Ba6 22. Qe5 Bxf1 23. Qxe6+ Kh8 24. Rxf1 Ra6 25. Qf7 h6 26. exf5 Nd7 27. Qd5
Qe7 28. Qb7 Qd6 29. Re1 Rb6 30. Qf3 Nf6 1/2-1/2

[Event "chess.com IoM Masters"]
[Site "Douglas ENG"]
[Date "2017.09.25"]
[Round "3.19"]
[White "Sutovsky, Emil"]
[Black "Nihal, Sarin"]
[Result "1/2-1/2"]
[WhiteTitle "GM"]
[BlackTitle "IM"]
[WhiteElo "2683"]
[BlackElo "2483"]
[WhiteFideId "2802007"]
[BlackFideId "25092340"]
[EventDate "2017.09.23"]

1. e4 e5 2. Nf3 Nc6 3. Bb5 Nf6 4. O-O Nxe4 5. d4 Nd6 6. dxe5 Nxb5 7. a4 Nbd4 8.
Nxd4 Nxd4 9. Qxd4 d5 10. Nc3 c6 11. a5 Be7 12. b4 O-O 13. Ne2 f6 14. Bf4 Bf5 15.
c3 Qd7 16. Rfe1 fxe5 17. Bxe5 Rf7 18. Ng3 Bg6 19. Ra2 a6 20. Rae2 Rc8 21. Qd2 c5
22. bxc5 Bxc5 23. Bd4 Qc7 24. h4 h6 25. Re5 Rcf8 26. h5 Bh7 27. Qa2 Bxd4 28.
cxd4 Qc3 29. Qxd5 Kh8 30. Qc5 Qxc5 31. Rxc5 Rxf2 32. Rc7 Ra2 33. Ree7 Bg8 34.
Rxg7 Rf4 35. Kh2 Rh4+ 36. Kg1 Rf4 37. Kh2 Rh4+ 38. Kg1 Rf4 1/2-1/2

[Event "chess.com IoM Masters"]
[Site "Douglas ENG"]
[Date "2017.09.25"]
[Round "3.21"]
[White "Movsesian, Sergei"]
[Black "Wallace, John Paul"]
[Result "1-0"]
[WhiteTitle "GM"]
[BlackTitle "IM"]
[WhiteElo "2671"]
[BlackElo "2413"]
[WhiteFideId "310204"]
[BlackFideId "3200957"]
[EventDate "2017.09.23"]

1. e4 e5 2. Nf3 Nc6 3. Bb5 Nf6 4. d3 d6 5. O-O Bd7 6. c3 g6 7. a4 Bg7 8. a5 O-O
9. Re1 Ne7 10. Bc4 b5 11. axb6 axb6 12. Rxa8 Qxa8 13. Na3 h6 14. h3 Kh8 15. Bd2
g5 16. h4 g4 17. Nh2 Ng6 18. g3 h5 19. Qb3 Ba4 20. Qa2 Qe8 21. Nf1 Ng8 22. Ne3
N8e7 23. Nac2 Bh6 24. Nb4 f5 25. b3 Bxe3 26. Bxe3 Bd7 27. exf5 Nxf5 28. Bg5 b5
29. Bd5 c5 30. Nc2 Be6 31. b4 Bxd5 32. Qxd5 Qf7 33. Qxf7 Rxf7 34. Rb1 Rc7 35.
Na3 cxb4 36. Nxb5 Rc5 37. Rxb4 Kg8 38. c4 Kf7 39. Nc3 Ra5 40. Rb7+ Ke6 41. Nb5
Ra1+ 42. Kg2 Nd4 43. Rg7 Nxh4+ 44. gxh4 Nf3 45. Nc7+ Kf5 46. Rf7+ Kg6 47. Rf6+
Kh7 48. Rxf3 gxf3+ 49. Kxf3 Kg6 50. Nb5 1-0

[Event "chess.com IoM Masters"]
[Site "Douglas ENG"]
[Date "2017.09.25"]
[Round "3.23"]
[White "Jones, Gawain C B"]
[Black "Harsha, Bharathakoti"]
[Result "1/2-1/2"]
[WhiteTitle "GM"]
[BlackTitle "IM"]
[WhiteElo "2668"]
[BlackElo "2394"]
[WhiteFideId "409561"]
[BlackFideId "5078776"]
[EventDate "2017.09.23"]

1. e4 c5 2. c3 Nf6 3. e5 Nd5 4. Nf3 e6 5. Bc4 Nc6 6. O-O d6 7. d4 cxd4 8. cxd4
Be7 9. exd6 Qxd6 10. Nc3 O-O 11. Re1 Nxc3 12. bxc3 b6 13. Ng5 h6 14. Ne4 Qc7 15.
d5 Rd8 16. Qh5 Qe5 17. Bg5 hxg5 18. dxc6 b5 19. Bf1 a6 20. h4 g6 21. Nxg5 gxh5
22. Rxe5 f6 23. Rxe6 Ra7 24. Rae1 Kf8 25. Nf3 Bxe6 26. Rxe6 Kf7 27. Re4 Bc5 28.
Rf4 Ke6 29. Nd4+ Bxd4 30. cxd4 Rc7 31. g4 Rxc6 32. g5 fxg5 33. hxg5 Rg8 34. Rf6+
Kd7 35. Bh3+ Kc7 36. Rf7+ Kb6 37. f4 b4 38. Bg2 Rc1+ 39. Kh2 Rc2 40. Kg3 Rxa2
41. Bd5 Ra3+ 42. Kh4 Rd8 43. Rf6+ Kb5 44. Rf5 Kb6 45. g6 b3 46. g7 b2 47. Rf7
Ka5 48. Rb7 Rxd5 49. g8=Q Rb5 50. Qd8+ Ka4 51. Qa8 Rxb7 52. Qxb7 Rb3 53. Qxa6+
Kb4 54. Qb7+ Kc3 55. Qc6+ Kd2 56. Qg2+ Kc3 57. Qf3+ Kb4 58. Qb7+ Kc3 59. Qc6+
Kd2 60. Qg2+ Kc3 61. Qf3+ Kb4 62. Qb7+ Kc3 63. Qc7+ Kd2 64. Qa5+ Kd1 65. Qxh5+
Kd2 66. Qa5+ Kd1 67. Qh5+ Kd2 68. Qa5+ Kd1 1/2-1/2

[Event "chess.com IoM Masters"]
[Site "Douglas ENG"]
[Date "2017.09.25"]
[Round "3.24"]
[White "Sargissian, Gabriel"]
[Black "Krishna, C R G"]
[Result "1/2-1/2"]
[WhiteTitle "GM"]
[BlackTitle "IM"]
[WhiteElo "2652"]
[BlackElo "2367"]
[WhiteFideId "13300881"]
[BlackFideId "5018625"]
[EventDate "2017.09.23"]

1. d4 f5 2. c4 Nf6 3. Nc3 d6 4. Nf3 g6 5. e3 Bg7 6. Be2 O-O 7. O-O c6 8. b4 Qc7
9. Bb2 e5 10. dxe5 dxe5 11. e4 fxe4 12. Ng5 Bf5 13. g4 Qc8 14. gxf5 Qxf5 15. Bc1
h6 16. Ncxe4 hxg5 17. Nd6 Qe6 18. Bxg5 Na6 19. Rb1 Rad8 20. c5 Nc7 21. Rb3 Ncd5
22. Nxb7 Rb8 23. Nd6 Rxb4 24. Rxb4 Nxb4 25. Bxf6 Rxf6 26. Bc4 Nd5 27. Re1 Rf4
28. Re4 Bf8 29. Qe2 Rxe4 30. Nxe4 Kg7 31. Qf3 Be7 32. Nc3 Bxc5 33. Bxd5 cxd5 34.
Nxd5 Bd4 35. Kf1 e4 36. Qb3 Qf7 37. Ne3 Qf3 38. Ke1 Qh1+ 39. Nf1 Qg2 40. Qg3
Qxg3 41. Nxg3 Be5 42. Ke2 Bf4 43. h3 Bxg3 44. fxg3 Kf6 45. a4 a5 46. Kd2 Ke6 47.
Kd1 Kd6 48. Ke2 Kd5 49. Ke1 Ke5 50. Kd2 Ke6 51. Kc1 Kd5 52. Kc2 Ke5 53. Kd2 1/2-1/2

[Event "chess.com IoM Masters"]
[Site "Douglas ENG"]
[Date "2017.09.25"]
[Round "3.25"]
[White "Sethuraman, S.P."]
[Black "Ledger, Andrew J"]
[Result "1-0"]
[WhiteTitle "GM"]
[BlackTitle "IM"]
[WhiteElo "2617"]
[BlackElo "2361"]
[WhiteFideId "5021596"]
[BlackFideId "400610"]
[EventDate "2017.09.23"]

1. e4 e6 2. d4 d5 3. Nc3 dxe4 4. Nxe4 Nd7 5. Nf3 Ngf6 6. Bd3 c5 7. O-O cxd4 8.
Qe2 Nxe4 9. Bxe4 Nf6 10. Rd1 Be7 11. Nxd4 Nxe4 12. Qxe4 O-O 13. Be3 Qa5 14. Nb3
Qc7 15. Bf4 Qb6 16. a4 f6 17. a5 Qa6 18. Be3 f5 19. Qf4 e5 20. Qxe5 Bf6 21. Qc7
Bxb2 22. Rab1 Bf6 23. Bc5 Qc4 24. Re1 Rd8 25. h3 h6 26. Bd6 Qxc7 27. Bxc7 Rd7
28. Be5 Bxe5 29. Rxe5 b6 30. f3 Rc7 31. Rb2 Rb8 32. Nd4 Kf7 33. Kf2 Kf6 34. Reb5
Rc4 35. Ke3 Rc3+ 36. Kd2 Rc4 37. c3 Bd7 38. Rd5 Ke7 39. Kd3 Ra4 40. Re2+ 1-0

[Event "chess.com IoM Masters"]
[Site "Douglas ENG"]
[Date "2017.09.25"]
[Round "3.26"]
[White "Christiansen, Johan-Sebastian"]
[Black "Svane, Rasmus"]
[Result "1/2-1/2"]
[WhiteTitle "IM"]
[BlackTitle "GM"]
[WhiteElo "2457"]
[BlackElo "2595"]
[WhiteFideId "1512668"]
[BlackFideId "4657101"]
[EventDate "2017.09.23"]

1. e4 c6 2. Nc3 d5 3. Nf3 Bg4 4. h3 Bxf3 5. Qxf3 Nf6 6. d3 e6 7. Bd2 Na6 8.
O-O-O Bb4 9. e5 d4 10. Ne2 Bxd2+ 11. Rxd2 Nd7 12. Nxd4 Qa5 13. a3 Qxe5 14. Nb3
Nac5 15. Nxc5 Qxc5 16. d4 Qd5 17. Qxd5 cxd5 18. Bb5 a6 19. Bxd7+ Kxd7 20. Re1
Rac8 21. Re3 Rc4 22. f4 g6 23. b3 Rc6 24. Kb2 h5 25. g3 b5 26. Rdd3 Rhc8 27. Rc3
Rxc3 28. Rxc3 Rxc3 29. Kxc3 a5 30. a4 b4+ 31. Kd3 f5 32. c3 Kc6 33. c4 Kd6 34.
c5+ Kd7 35. Ke3 Kc7 36. Kf3 Kd7 37. g4 h4 38. g5 1/2-1/2

[Event "chess.com IoM Masters"]
[Site "Douglas ENG"]
[Date "2017.09.25"]
[Round "3.27"]
[White "Ju, Wenjun"]
[Black "Houska, Jovanka"]
[Result "0-1"]
[WhiteTitle "GM"]
[BlackTitle "IM"]
[WhiteElo "2574"]
[BlackElo "2393"]
[WhiteFideId "8603006"]
[BlackFideId "405094"]
[EventDate "2017.09.23"]

1. d4 d5 2. c4 e6 3. Nf3 Nf6 4. Nc3 Nbd7 5. Qc2 Be7 6. cxd5 exd5 7. Bf4 c6 8. e3
O-O 9. Bd3 Re8 10. h3 Nf8 11. O-O-O b6 12. Ne5 Bb7 13. g4 a6 14. h4 N6d7 15.
Nxd7 Qxd7 16. Na4 Qd8 17. Qb3 b5 18. Nc5 Bc8 19. f3 Bd6 20. Bxd6 Qxd6 21. Bc2
Ra7 22. Kb1 Rae7 23. e4 dxe4 24. Nxe4 Qf4 25. Qa3 Rd7 26. Qc3 Red8 27. Rd2 c5
28. Nxc5 Rxd4 29. Rxd4 Rxd4 30. Ne4 Rd8 31. Re1 Bb7 32. Bb3 h6 33. Qe3 Qh2 34.
h5 Bd5 35. Bxd5 Rxd5 36. Qa3 Qg2 37. Qe3 0-1

[Event "chess.com IoM Masters"]
[Site "Douglas ENG"]
[Date "2017.09.25"]
[Round "3.28"]
[White "Tarjan, James"]
[Black "Kramnik, Vladimir"]
[Result "1-0"]
[WhiteTitle "GM"]
[BlackTitle "GM"]
[WhiteElo "2412"]
[BlackElo "2803"]
[WhiteFideId "2000180"]
[BlackFideId "4101588"]
[EventDate "2017.09.23"]

1. c4 Nf6 2. g3 c6 3. Nf3 d5 4. b3 Bg4 5. Bg2 e6 6. O-O Nbd7 7. Bb2 Bd6 8. d3
O-O 9. Nbd2 Re8 10. h3 Bh5 11. Re1 a5 12. a3 e5 13. cxd5 cxd5 14. Nh4 Nc5 15.
Qc2 Ne6 16. Rac1 Nd4 17. Qd1 Nb5 18. Nb1 Qd7 19. Kh2 Ra6 20. Nf3 e4 21. dxe4
Nxe4 22. Rf1 Bb8 23. Nc3 Nbxc3 24. Bxc3 Rae6 25. Be1 h6 26. Rc2 Ba7 27. Qc1 Bb6
28. e3 Qb5 29. Nd4 Bxd4 30. exd4 Bf3 31. Bxf3 Nxg3 32. fxg3 Qxf1 33. Bf2 Qd3 34.
Rc3 Qf5 35. Kg2 Rf6 36. Qc2 Qd7 37. g4 Rc6 38. Rc5 Rd8 39. Qf5 Rxc5 40. Qxd7
Rxd7 41. dxc5 d4 42. Kf1 d3 43. Ke1 d2+ 44. Kd1 Kf8 45. Bg3 Ke7 46. Bd6+ Ke6 47.
Kxd2 b6 48. Ke3 bxc5 49. Bxc5 Rd8 50. b4 axb4 51. axb4 f5 52. b5 fxg4 53. hxg4
g6 54. b6 h5 55. g5 Kd7 56. b7 1-0